000 01048 a2200301 4500
003 OSt
005 20180116192404.0
008 120703t xxu||||| |||| 00| 0 eng d
010 _a 2002416671
020 _a0714837172 (pbk.)
020 _a9780714837178
035 _a(UkLWHE)e000268962
040 _c0
082 _a720.952
100 1 _aDal Co, Francesco,
_95529
245 1 0 _aTadao Ando :
_bcomplete works /
_cFrancesco Dal Co.
260 _aLondon :
_bPhaidon Press,
_c1995
300 _a524 p. :
_bill. (some col.) ;
_c24 cm.
500 _aOriginally published in Italian: Milan : Electa, 1994.
600 1 0 _aAndō, Tadao,
_d1941-
_xCriticism and interpretation.
_95530
650 1 0 _aArchitecture
_zJapan
_xHistory
_y20th century.
_95531
650 1 0 _aArchitecture, Domestic
_zJapan.
_95532
650 1 0 _aArchitecture, Modern
_95533
650 1 0 _aConcrete construction
_95534
700 1 _aAndō, Tadao,
_d1941-
_95535
942 _aSADA
_cBK
_k720.952 DAL 1995
_2ddc
999 _c353377
_d353377